Kulturní diplomacie francouzská zkušenost

Guardado en:
Detalles Bibliográficos
Autor principal: Tomalová, Eliška
Formato: Libro
Lenguaje:checo
Publicado: Praha Ústav mezinárodních vztahů 2008
Materias:
Etiquetas: Agregar Etiqueta
Sin Etiquetas, Sea el primero en etiquetar este registro!

MARC

LEADER 00000nam a2200000 4500
001 0129737
005 20240313085952.4
020 |a 978-80-86506-73-9 
041 0 |a cze 
044 |a CZ 
245 1 0 |a Kulturní diplomacie  |b francouzská zkušenost  |c Eliška Tomalová 
264 1 |a Praha  |b Ústav mezinárodních vztahů  |c 2008 
300 |a 128 s. 
610 2 0 |a diplomacia 
610 2 0 |a kultúra 
610 2 0 |a politika zahraničná 
610 2 0 |a modely 
610 2 0 |a financovanie 
610 2 0 |a porovnanie medzinárodné 
610 2 0 |a Francúzsko 
100 1 |a Tomalová, Eliška